00690nam a22002052i 450000100060000000300080000600500170001400800410003103500510007204000270012304100080015008200210015810000300017924501120020926000720032130000240039349000220041765000190043970000260045822963BD-RjUL20211209000857.0140309r19621948enk 000 1 eng d a(BD-RjUL)23028aOCLC ocm05290501 from D960625M aMSTcMSTdBD-RjULbeng aeng04a822.08bOCJ 19621 aO'Casey, Seand1880-1964.10aJuno and the paycock and The plough and the stars /cSean O'Casey ; with introduction and notes by Guy Boas aNew York ; London :bMacmillan ;St. Martin's,c1948 [Reprint 1962]. axi, 168 p. ;c18 cm1 aScholar's library aEnglish drama.1 aBoas, Guyd1896-1966.